Random Countries by Morse Code - Statistics

General Stats
  • This quiz has been taken 1,315 times
  • The average score is 13 of 20
Answer Stats
Morse Code Country % Correct
-.-. . -. - .-. .- .-.. / .- ..-. .-. .. -.-. .- -. / .-. . .--. ..- -... .-.. .. -.-. Central African Republic
94%
-. .. --. . .-. .. .- Nigeria
90%
.--. --- .-.. .- -. -.. Poland
90%
-- --- .-.. -.. --- ...- .- Moldova
89%
--- -- .- -. Oman
88%
-.-. --- ... - .- / .-. .. -.-. .- Costa Rica
86%
-.- .. .-. .. -... .- - .. Kiribati
86%
... --- ..- - .... / ... ..- -.. .- -. South Sudan
86%
... .-. .. / .-.. .- -. -.- .- Sri Lanka
85%
-.-. --- -- --- .-. --- ... Comoros
84%
.- ..- ... - .-. .- .-.. .. .- Australia
83%
.-.. . -... .- -. --- -. Lebanon
83%
.- ..- ... - .-. .. .- Austria
82%
. .- ... - / - .. -- --- .-. East Timor
82%
--. .... .- -. .- Ghana
82%
.--. . .-. ..- Peru
82%
- --- --. --- Togo
82%
.. .-. .- -. Iran
81%
.--- .- -- .- .. -.-. .- Jamaica
81%
.-.. .- - ...- .. .- Latvia
81%
-. . - .... . .-. .-.. .- -. -.. ... Netherlands
81%
-. --- .-. - .... / -- .- -.-. . -.. --- -. .. .- North Macedonia
81%
... .- --- / - --- -- . / .- -. -.. / .--. .-. .. -. -.-. .. .--. . Sao Tome and Principe
81%
... --- -- .- .-.. .. .- Somalia
81%
...- .. . - -. .- -- Vietnam
81%
.- --.. . .-. -... .- .. .--- .- -. Azerbaijan
80%
-... . -. .. -. Benin
80%
-... --- ... -. .. .- / .- -. -.. / .... . .-. --.. . --. --- ...- .. -. .- Bosnia and Herzegovina
80%
-.-. .... .- -.. Chad
80%
.. -. -.. .. .- India
80%
... --- ..- - .... / .- ..-. .-. .. -.-. .- South Africa
80%
-... . .-.. .- .-. ..- ... Belarus
79%
-.-. .- -. .- -.. .- Canada
79%
-.-. -.-- .--. .-. ..- ... Cyprus
79%
--. .- -- -... .. .- Gambia
79%
.- ..-. --. .... .- -. .. ... - .- -. Afghanistan
78%
-... .-. .- --.. .. .-.. Brazil
78%
.-.. ..- -..- . -- -... --- ..- .-. --. Luxembourg
78%
.-. ..- ... ... .. .- Russia
78%
... .-.. --- ...- .- -.- .. .- Slovakia
78%
-.-. .... .. -. .- China
77%
.... .- .. - .. Haiti
77%
.-.. .- --- ... Laos
77%
.-.. . ... --- - .... --- Lesotho
77%
.--. .... .. .-.. .. .--. .--. .. -. . ... Philippines
77%
- ..- .-. -.- . -.-- Turkey
77%
-.-- . -- . -. Yemen
77%
-.. . -. -- .- .-. -.- Denmark
76%
-.. --- -- .. -. .. -.-. .- -. / .-. . .--. ..- -... .-.. .. -.-. Dominican Republic
76%
.. -. -.. --- -. . ... .. .- Indonesia
76%
-- . -..- .. -.-. --- Mexico
76%
- .- .. .-- .- -. Taiwan
76%
.- .-.. --. . .-. .. .- Algeria
75%
.- -. --. --- .-.. .- Angola
75%
-.. . -- --- -.-. .-. .- - .. -.-. / .-. . .--. ..- -... .-.. .. -.-. / --- ..-. / - .... . / -.-. --- -. --. --- Democratic Republic of the Congo
75%
.... ..- -. --. .- .-. -.-- Hungary
75%
.. - .- .-.. -.-- Italy
75%
-- .- .-.. .. Mali
75%
-- -.-- .- -. -- .- .-. Myanmar
75%
.-. .-- .- -. -.. .- Rwanda
75%
... .- -- --- .- Samoa
75%
... .. -. --. .- .--. --- .-. . Singapore
75%
-... .-. ..- -. . .. Brunei
74%
. --. -.-- .--. - Egypt
74%
-. . .-- / --.. . .- .-.. .- -. -.. New Zealand
74%
... . -.-- -.-. .... . .-.. .-.. . ... Seychelles
74%
... .. . .-. .-. .- / .-.. . --- -. .- Sierra Leone
74%
... --- ..- - .... / -.- --- .-. . .- South Korea
74%
..- -. .. - . -.. / .- .-. .- -... / . -- .. .-. .- - . ... United Arab Emirates
74%
...- .- - .. -.-. .- -. / -.-. .. - -.-- Vatican City
74%
.- .-.. -... .- -. .. .- Albania
73%
-.-. .- -- . .-. --- --- -. Cameroon
73%
-.-. .... .. .-.. . Chile
73%
--. .- -... --- -. Gabon
73%
-- --- --.. .- -- -... .. --.- ..- . Mozambique
73%
.--. .- -. .- -- .- Panama
73%
... .- .. -. - / ...- .. -. -.-. . -. - / .- -. -.. / - .... . / --. .-. . -. .- -.. .. -. . ... Saint Vincent and the Grenadines
73%
..-. .. .--- .. Fiji
72%
-- --- -. .- -.-. --- Monaco
72%
-- --- -. --. --- .-.. .. .- Mongolia
72%
-. .- ..- .-. ..- Nauru
72%
-. --- .-. .-- .- -.-- Norway
72%
... .-.. --- ...- . -. .. .- Slovenia
72%
... -.-- .-. .. .- Syria
72%
.- -. -.. --- .-. .-. .- Andorra
71%
-... . .-.. --. .. ..- -- Belgium
71%
-.-. .-. --- .- - .. .- Croatia
71%
-.. --- -- .. -. .. -.-. .- Dominica
71%
..-. . -.. . .-. .- - . -.. / ... - .- - . ... / --- ..-. / -- .. -.-. .-. --- -. . ... .. .- Federated States of Micronesia
71%
--. ..- .. -. . .- Guinea
71%
.-.. .. -... -.-- .- Libya
71%
-- .- .-.. - .- Malta
71%
-- --- .-. --- -.-. -.-. --- Morocco
71%
... . -. . --. .- .-.. Senegal
71%
... --- .-.. --- -- --- -. / .. ... .-.. .- -. -.. ... Solomon Islands
71%
... ..- -.. .- -. Sudan
71%
...- . -. . --.. ..- . .-.. .- Venezuela
71%
.... --- -. -.. ..- .-. .- ... Honduras
70%
-. .- -- .. -... .. .- Namibia
70%
.--. .- -.- .. ... - .- -. Pakistan
70%
.--. .- .--. ..- .- / -. . .-- / --. ..- .. -. . .- Papua New Guinea
70%
... . .-. -... .. .- Serbia
70%
-.-. .- .--. . / ...- . .-. -.. . Cape Verde
69%
. ... .-- .- - .. -. .. Eswatini
69%
... .- .. -. - / -.- .. - - ... / .- -. -.. / -. . ...- .. ... Saint Kitts and Nevis
69%
... .- -. / -- .- .-. .. -. --- San Marino
69%
..- -. .. - . -.. / ... - .- - . ... United States
69%
-... .... ..- - .- -. Bhutan
68%
-.-. --- .-.. --- -- -... .. .- Colombia
68%
-.. .--- .. -... --- ..- - .. Djibouti
68%
.-. --- -- .- -. .. .- Romania
68%
... .--. .- .. -. Spain
68%
... .-- . -.. . -. Sweden
68%
- .-. .. -. .. -.. .- -.. / .- -. -.. / - --- -... .- --. --- Trinidad and Tobago
68%
-... .- .... .- -- .- ... Bahamas
67%
-... ..- .-. -.- .. .- / ..-. .- ... --- Burkina Faso
67%
--. . --- .-. --. .. .- Georgia
67%
.. .-. . .-.. .- -. -.. Ireland
67%
.-.. .. -... . .-. .. .- Liberia
67%
-- .- ..- .-. .. - .. ..- ... Mauritius
67%
.--. .- .-.. .- ..- Palau
67%
.--. .- .-. .- --. ..- .- -.-- Paraguay
67%
--.- .- - .- .-. Qatar
67%
... ..- .-. .. -. .- -- . Suriname
67%
... .-- .. - --.. . .-. .-.. .- -. -.. Switzerland
67%
- .- -. --.. .- -. .. .- Tanzania
67%
- --- -. --. .- Tonga
67%
..- --. .- -. -.. .- Uganda
67%
--.. .- -- -... .. .- Zambia
67%
. -.-. ..- .- -.. --- .-. Ecuador
66%
.--- .- .--. .- -. Japan
66%
-.- -.-- .-. --. -.-- --.. ... - .- -. Kyrgyzstan
66%
- ..- -. .. ... .. .- Tunisia
66%
.- -. - .. --. ..- .- / .- -. -.. / -... .- .-. -... ..- -.. .- Antigua and Barbuda
65%
-.- ..- .-- .- .. - Kuwait
65%
-. .. -.-. .- .-. .- --. ..- .- Nicaragua
65%
-. .. --. . .-. Niger
65%
.-. . .--. ..- -... .-.. .. -.-. / --- ..-. / - .... . / -.-. --- -. --. --- Republic of the Congo
65%
-.-. ..- -... .- Cuba
64%
--. .-. . . -.-. . Greece
64%
-- .- .-.. -.. .. ...- . ... Maldives
64%
.--. --- .-. - ..- --. .- .-.. Portugal
64%
... .- .. -. - / .-.. ..- -.-. .. .- Saint Lucia
64%
.- .-. -- . -. .. .- Armenia
63%
-... .- -. --. .-.. .- -.. . ... .... Bangladesh
63%
-... ..- .-. ..- -. -.. .. Burundi
63%
-.-. .- -- -... --- -.. .. .- Cambodia
63%
. ... - --- -. .. .- Estonia
63%
. - .... .. --- .--. .. .- Ethiopia
63%
..-. .-. .- -. -.-. . France
63%
-- .- .-. ... .... .- .-.. .-.. / .. ... .-.. .- -. -.. ... Marshall Islands
63%
- ..- ...- .- .-.. ..- Tuvalu
63%
..- -.- .-. .- .. -. . Ukraine
63%
..- -. .. - . -.. / -.- .. -. --. -.. --- -- United Kingdom
63%
-... .- .... .-. .- .. -. Bahrain
62%
. .-.. / ... .- .-.. ...- .- -.. --- .-. El Salvador
62%
--. ..- .- - . -- .- .-.. .- Guatemala
62%
.- .-. --. . -. - .. -. .- Argentina
61%
.. ...- --- .-. -.-- / -.-. --- .- ... - Ivory Coast
61%
-.- . -. -.-- .- Kenya
61%
-.- --- ... --- ...- --- Kosovo
61%
.-.. .. - .... ..- .- -. .. .- Lithuania
61%
--. .-. . -. .- -.. .- Grenada
60%
.. -.-. . .-.. .- -. -.. Iceland
60%
.. ... .-. .- . .-.. Israel
60%
.--- --- .-. -.. .- -. Jordan
60%
-. . .--. .- .-.. Nepal
60%
..- --.. -... . -.- .. ... - .- -. Uzbekistan
60%
--. ..- .. -. . .- / -... .. ... ... .- ..- Guinea-Bissau
59%
-- .- -.. .- --. .- ... -.-. .- .-. Madagascar
59%
-. --- .-. - .... / -.- --- .-. . .- North Korea
59%
... .- ..- -.. .. / .- .-. .- -... .. .- Saudi Arabia
59%
. --.- ..- .- - --- .-. .. .- .-.. / --. ..- .. -. . .- Equatorial Guinea
58%
. .-. .. - .-. . .- Eritrea
58%
-.- .- --.. .- -.- .... ... - .- -. Kazakhstan
58%
-- .- .-.. .- .-- .. Malawi
58%
..- .-. ..- --. ..- .- -.-- Uruguay
58%
-... . .-.. .. --.. . Belize
57%
-... --- .-.. .. ...- .. .- Bolivia
57%
-... ..- .-.. --. .- .-. .. .- Bulgaria
57%
- .- .--- .. -.- .. ... - .- -. Tajikistan
57%
...- .- -. ..- .- - ..- Vanuatu
57%
- ..- .-. -.- -- . -. .. ... - .- -. Turkmenistan
56%
-.-. --.. . -.-. .... / .-. . .--. ..- -... .-.. .. -.-. Czech Republic
55%
..-. .. -. .-.. .- -. -.. Finland
55%
-- --- -. - . -. . --. .-. --- Montenegro
55%
--.. .. -- -... .-. -... .-- . Zimbabwe
55%
-... --- - ... .-- .- -. .- Botswana
54%
--. . .-. -- .- -. -.-- Germany
54%
.. .-. .- --.- Iraq
54%
--. ..- -.-- .- -. .- Guyana
52%
-- .- ..- .-. .. - .- -. .. .- Mauritania
52%
-- .- .-.. .- -.-- ... .. .- Malaysia
50%
-... .- .-. -... .- -.. --- ... Barbados
48%
.-.. .. . -.-. .... - . -. ... - . .. -. Liechtenstein
46%
- .... .- .. .-.. .- -. -.. Thailand
46%
No matching quizzes found
Score Distribution
Percent of People with Each Score
Percentile by Number Answered
Your Score History
You have not taken this quiz